00323nam a2200121Ia 4500008004100000020001800041041000800059082002700067100001800094245003600112260004400148300000900192230411s9999 xx 000 0 und d a81-259-0197-3 aeng aPS/610.7368/JAC/B02002 aJacob Annamma aHandbook of Psychiatric Nursing bVikas Publishing HouseaBangalorec2002 a188p